Statistiques concernant Pays du monde commençant par G et H.

Cliquez ici pour prendre le quiz!

Statistiques générales

  • Ce quiz a été pris 321 fois
    (223 depuis la dernière actualisation)
  • Le résultat moyen est 9 sur 14

Statistiques - réponses

Réponse% Correct
Honduras
85%
Hongrie
80%
Guatemala
78%
Guinée
78%
Gabon
73%
Guinée Équatoriale
72%
Géorgie
71%
Guinée-Bissau
70%
Ghana
68%
Haïti
62%
Gambie
59%
Grèce
51%
Guyana
46%
Grenade
45%

Distribution des résultats

Percentile par nombre de réponses

% des personnes avec chaque résultat

Votre développement - résultats

Vous n’avez pas pris ce quiz depuis la dernière actualisation